00263nam a2200109Ia 4500008004100000082001500041100001000056245004600066260002500112300000800137650000800145191201s2005 xx 000 0 und d a658.3bICC aICFAI 0aCase Studies in Human Resource Management aN.DelhibICFAIc2005 a321 aMBA